zpět

Detail výsledku týmu

Max Beer Bar, Benešov

Datum a čas kvízu

39.5 Celkem bodů Celkový počet nahraných bodů na tomto kvízu bez doplňovacích otázek.
3. Pořadí na kvízu Konečné umístění týmu na tomto kvízu.

Zaznamenané odpovědi

# Otázka Odpověď Body Výsledky
1. Organizátoři festivalu Colours... Lorde 0
2. V oblasti okolo černobylské ja... o modrou barvu 1
3. Minulý čtvrtek byl uveden do k... Nepela 1
4. Známý dánský pivovar představi... Carlsberg 1
5. Julie Zárybnická získala minul... V judu 0
6. Ačkoliv je čas večeře, věnujem... fazole; rajčata 0.5
7. Od slané ke sladké snídani. V... javorový sirup 1
8. „Snídaně v trávě“ není název: D 1
9. V Krkonoších, v místě zvaném K... Mumlava 0
10. Mnozí z nás si snídani bez káv... třešně 0